000 00584nam a2200229Ia 4500
003 OSt
005 20220928141537.0
006 a|||||r|||| 00| 0
007 ta
008 220927b |||||||| |||| 00| 0 eng d
024 _a15823
037 _cTextual
040 _aSDCL
_cSDCL
_beng
041 _2eng
_aeng
082 _aP, M4
100 _aLangendoen Terence
_9500789
245 0 _aVastness of natural languages.
260 _c1984
700 _a Postal Paul M
_9500790
942 _hP, M4
_cTEXL
_2CC
999 _c818198
_d818198